| 000 | 00718nam a2200217 a 4500 | ||
|---|---|---|---|
| 001 | BRL_964 | ||
| 005 | 20190320210955.0 | ||
| 008 | 291013s1940----sz-a######---#000-0#ger-# | ||
| 041 | _ager | ||
| 044 | _asz | ||
| 050 | 4 |
_aND553 _b.Z35 1940 |
|
| 100 | 1 |
_aZbinden, Hans _925460 |
|
| 245 | 1 | 0 |
_aMeisterwerke Europäischer Malerei des XV.-XIX Jahrhunderts aus der Sammlung Oskar Reinhart _cHerausgegeben von Hans Zbinden |
| 260 |
_aSwitzerland _bIris Verlag _c1940 |
||
| 300 |
_av. _bil., láminas _c40 cm. |
||
| 500 | _av.1 Au2277 | ||
| 505 | 0 | _aContenido: Mappe 1. Cranach, Hals, Watteau, Corot, Renoir, Anker / Einführung von Georg Schmidt. | |
| 650 | 1 | 4 |
_aPintores franceses _97726 |
| 902 | _aGRL | ||
| 942 |
_2lcc _cB |
||
| 999 |
_c9776 _d9776 |
||